[Event "RUS-chT 31th"]
[Site "Sochi"]
[Date "2024.05.03"]
[Round "3.10"]
[White "Kukhmazov, Arsen"]
[Black "Aminov, Andrey"]
[Result "1/2-1/2"]
[WhiteElo "2502"]
[BlackElo "2322"]
[PlyCount "109"]
[EventDate "2024.05.01"]
[EventType "team-tourn"]
[EventRounds "9"]
[EventCountry "RUS"]
[SourceTitle "CBM 220 Extra"]
[Source "ChessBase"]
[SourceDate "2024.07.31"]
[SourceVersion "1"]
[SourceVersionDate "2024.07.31"]
[SourceQuality "1"]
[WhiteTeam "Moscow Russian ChSchool"]
[BlackTeam "Voronezh"]
[WhiteTeamCountry "RUS"]
[BlackTeamCountry "RUS"]

1. d4 Nf6 2. c4 g6 3. g3 Bg7 4. Bg2 0-0 5. Nc3 d6 6. Nf3 c5 7. 0-0 Nc6 8. d5 Na5 9. Nd2 e6 10. Rb1 exd5 11. Nxd5 Nxd5 12. cxd5 Bf5 13. e4 Bd7 14. Re1 b5 15. b3 Re8 16. Bb2 Bxb2 17. Rxb2 Qf6 18. Rc2 Nb7 19. f4 Qd4+ 20. Kh1 a5 21. a4 c4 22. axb5 cxb3 23. Nxb3 Qxd1 24. Rxd1 Bxb5 25. Rc7 Ba4 26. Rxb7 Reb8 27. Rxb8+ Rxb8 28. Ra1 Bxb3 29. Rxa5 Bxd5 30. Rxd5 Rb1+ 31. Bf1 Rxf1+ 32. Kg2 Re1 33. Kf3 Rf1+ 34. Ke2 Rh1 35. h4 h5 36. Rxd6 Ra1 37. Ke3 Re1+ 38. Kf3 Rf1+ 39. Ke2 Ra1 40. Rd5 Ra3 41. Rd3 Ra4 42. Kf3 Kg7 43. Re3 Rb4 44. Ra3 Rd4 45. e5 Rb4 46. Re3 Rc4 47. g4 hxg4+ 48. Kxg4 Rc1 49. f5 gxf5+ 50. Kxf5 Rf1+ 51. Kg4 Kg6 52. h5+ Kh6 53. Re2 Rg1+ 54. Kf5 Rf1+ 55. Ke4 1/2-1/2

[Event "RUS-chT 31th"]
[Site "Sochi"]
[Date "2024.05.01"]
[Round "1.15"]
[White "Aminov, Andrey"]
[Black "Galaktionov, Artem"]
[Result "0-1"]
[WhiteElo "2322"]
[BlackElo "2341"]
[PlyCount "104"]
[EventDate "2024.05.01"]
[EventType "team-tourn"]
[EventRounds "9"]
[EventCountry "RUS"]
[SourceTitle "CBM 220 Extra"]
[Source "ChessBase"]
[SourceDate "2024.07.31"]
[SourceVersion "1"]
[SourceVersionDate "2024.07.31"]
[SourceQuality "1"]
[WhiteTeam "Voronezh"]
[BlackTeam "Moscow Temus"]
[WhiteTeamCountry "RUS"]
[BlackTeamCountry "RUS"]

1. e4 c6 2. d4 d5 3. e5 Bf5 4. h4 h6 5. g4 Bd7 6. Be3 Qc8 7. Be2 c5 8. c3 Na6 9. h5 c4 10. Na3 e6 11. Nc2 b5 12. a3 Ne7 13. f4 Nc7 14. Nf3 a5 15. 0-0 g6 16. hxg6 fxg6 17. Kg2 Qb7 18. Nh4 0-0-0 19. Qd2 h5 20. gxh5 gxh5 21. Kh2 Ne8 22. f5 exf5 23. Bg5 Rg8 24. Rg1 Be6 25. Raf1 Rd7 26. Ne3 Ng6 27. Nhxf5 Rf7 28. Nh4 Nxh4 29. Bxh4 Rfg7 30. Bf3 Rxg1 31. Rxg1 Rxg1 32. Kxg1 Bh6 33. Qf2 Qf7 34. Bg2 Qg6 35. Kh2 Nc7 36. Nf1 Bc1 37. Be7 Qf5 38. Qh4 Qf4+ 39. Qxf4 Bxf4+ 40. Ng3 Kd7 41. Bh4 Bg4 42. Kg1 Bc1 43. e6+ Bxe6 44. Nxh5 Bxb2 45. Nf6+ Kc6 46. Bg3 Bxc3 47. Bxc7 Bxd4+ 48. Kf1 Kxc7 49. Nxd5+ Kd6 50. Nf4 Bd7 51. Ke1 a4 52. Kd2 Bb2 0-1

[Event "Moscow op-A 18th"]
[Site "Moscow"]
[Date "2022.07.20"]
[Round "9"]
[White "Aminov, Andrey"]
[Black "Pridorozhni, Aleksei"]
[Result "1/2-1/2"]
[WhiteElo "2338"]
[BlackElo "2533"]
[PlyCount "94"]
[EventDate "2022.07.14"]
[EventType "swiss"]
[EventRounds "9"]
[EventCountry "RUS"]
[SourceTitle "CBM 209 Extra"]
[Source "ChessBase"]
[SourceDate "2022.09.30"]
[SourceVersion "1"]
[SourceVersionDate "2022.09.30"]
[SourceQuality "1"]

1. g3 e5 2. c4 Nf6 3. Bg2 Nc6 4. Nf3 d5 5. cxd5 Nxd5 6. Nc3 Nb6 7. 0-0 g6 8. b3 Bf5 9. d4 exd4 10. Nb5 Bg7 11. Bb2 Be4 12. Nfxd4 Bxg2 13. Kxg2 Nxd4 14. Bxd4 Bxd4 15. Qxd4 Qxd4 16. Nxd4 0-0-0 17. e3 Nd5 18. Rac1 Rhe8 19. Kf3 Nf6 20. Rc2 Ne4 21. Rfc1 c6 22. b4 Kb8 23. g4 Rd5 24. Kg2 h5 25. h3 a6 26. Kf3 Ka7 27. Kg2 Kb6 28. Kf3 Re7 29. Kg2 hxg4 30. hxg4 f5 31. gxf5 gxf5 32. Kf3 a5 33. a3 axb4 34. axb4 Ng5+ 35. Kf4 Ne6+ 36. Nxe6 Rxe6 37. Rc5 Re4+ 38. Kg5 Rg4+ 39. Kf6 Rd6+ 40. Ke5 Rd8 41. R1c4 Re8+ 42. Kxf5 Rxc4 43. Rxc4 Rf8+ 44. Ke6 Rxf2 45. e4 Kb5 46. Rd4 c5 47. bxc5 Kxc5 1/2-1/2

[Event "Moscow op-A 18th"]
[Site "Moscow"]
[Date "2022.07.18"]
[Round "7"]
[White "Aminov, Andrey"]
[Black "Lobanov, Sergei"]
[Result "1/2-1/2"]
[WhiteElo "2338"]
[BlackElo "2532"]
[PlyCount "80"]
[EventDate "2022.07.14"]
[EventType "swiss"]
[EventRounds "9"]
[EventCountry "RUS"]
[SourceTitle "CBM 209 Extra"]
[Source "ChessBase"]
[SourceDate "2022.09.30"]
[SourceVersion "1"]
[SourceVersionDate "2022.09.30"]
[SourceQuality "1"]

1. c4 e5 2. Nc3 Nf6 3. Nf3 Nc6 4. e4 Bb4 5. d3 d6 6. a3 Bxc3+ 7. bxc3 Nd7 8. g3 Nc5 9. Nh4 g5 10. Ng2 Bh3 11. Ne3 Bxf1 12. Kxf1 h5 13. h4 g4 14. Nd5 Qc8 15. Be3 Ne7 16. Kg2 Nxd5 17. cxd5 f5 18. Bxc5 dxc5 19. Qd2 Qd7 20. Qg5 Kf7 21. Rhe1 Rag8 22. Qxf5+ Qxf5 23. exf5 Kf6 24. Re4 Rd8 25. c4 Rd6 26. Rb1 Rb6 27. Ree1 Kxf5 28. f3 gxf3+ 29. Kxf3 Rg8 30. Kg2 Rg4 31. Rf1+ Kg6 32. Rbe1 Rb2+ 33. Kh3 Rb3 34. Rxe5 Rxd3 35. Re6+ Kh7 36. Re7+ Kg6 37. Re6+ Kh7 38. Re7+ Kg6 39. Re6+ Kh7 40. Re7+ Kg6 1/2-1/2

[Event "Voronezh Petrovsky op"]
[Site "Voronezh"]
[Date "2022.06.12"]
[Round "3"]
[White "Lesnykh, Zhanna"]
[Black "Aminov, Andrey"]
[Result "0-1"]
[WhiteElo "1913"]
[BlackElo "2349"]
[PlyCount "110"]
[EventDate "2022.06.10"]
[EventType "swiss"]
[EventRounds "9"]
[EventCountry "RUS"]
[SourceTitle "EXT 2023"]
[Source "ChessBase"]
[SourceDate "2022.10.05"]
[SourceVersion "1"]
[SourceVersionDate "2022.10.05"]
[SourceQuality "1"]

1. e4 e5 2. Nf3 Nc6 3. Bb5 a6 4. Ba4 Nf6 5. 0-0 Be7 6. Re1 b5 7. Bb3 d6 8. c3 0-0 9. h3 Nb8 10. d4 Nbd7 11. Nbd2 Bb7 12. Bc2 Re8 13. Nf1 Bf8 14. Ng3 g6 15. a4 c5 16. d5 c4 17. Be3 Nc5 18. Nh2 Bg7 19. Ng4 Nxg4 20. hxg4 Qc7 21. f3 Reb8 22. a5 Bc8 23. Qd2 Ra7 24. Kf2 Rab7 25. Rh1 b4 26. Rh2 bxc3 27. bxc3 Rb2 28. Bxc5 Qxc5+ 29. Ke2 Bd7 30. Nh1 R8b3 31. Nf2 Ra3 32. Rxa3 Qxa3 33. Nd1 Ra2 34. Ne3 Qxa5 35. Kd1 Qc5 36. Qc1 Bb5 37. g3 Bf6 38. Nf1 Qa3 39. Qxa3 Rxa3 40. f4 exf4 41. gxf4 Bxc3 42. Nd2 Bxd2 43. Kxd2 c3+ 44. Ke3 Ra2 45. e5 dxe5 46. fxe5 Ba4 47. d6 Kf8 48. Bxa4 Rxh2 49. Kd3 Rd2+ 50. Kxc3 Rd5 51. Kc4 Rxe5 52. Bc6 h5 53. gxh5 gxh5 54. Bd5 Rxd5 55. Kxd5 Ke8 0-1

[Event "RUS-chT2"]
[Site "Sochi"]
[Date "2022.05.07"]
[Round "6.1"]
[White "Aminov, Andrey"]
[Black "Rostovtsev, Dmitry"]
[Result "1/2-1/2"]
[WhiteElo "2297"]
[BlackElo "2299"]
[PlyCount "34"]
[EventDate "2022.05.01"]
[EventType "team-swiss"]
[EventRounds "9"]
[EventCountry "RUS"]
[SourceTitle "CBM 208 Extra"]
[Source "ChessBase"]
[SourceDate "2022.07.31"]
[SourceVersion "1"]
[SourceVersionDate "2022.07.31"]
[SourceQuality "1"]
[WhiteTeam "Voronezh Inleksis"]
[BlackTeam "Moscow Temus Tim"]
[WhiteTeamCountry "RUS"]
[BlackTeamCountry "RUS"]

1. c4 e5 2. Nc3 Bb4 3. Nd5 Be7 4. d4 exd4 5. Qxd4 Nf6 6. Nxe7 Qxe7 7. Bg5 Nc6 8. Qc3 d6 9. Bxf6 Qxf6 10. Qxf6 gxf6 11. 0-0-0 Be6 12. e4 f5 13. exf5 Bxf5 14. Nf3 0-0-0 15. Nd4 Nxd4 16. Rxd4 Rde8 17. Kd2 Re7 1/2-1/2

[Event "RUS-chT2"]
[Site "Sochi"]
[Date "2022.05.04"]
[Round "4.1"]
[White "Zhelnin, Vladimir V"]
[Black "Aminov, Andrey"]
[Result "0-1"]
[WhiteElo "2380"]
[BlackElo "2297"]
[PlyCount "154"]
[EventDate "2022.05.01"]
[EventType "team-swiss"]
[EventRounds "9"]
[EventCountry "RUS"]
[SourceTitle "CBM 208 Extra"]
[Source "ChessBase"]
[SourceDate "2022.07.31"]
[SourceVersion "1"]
[SourceVersionDate "2022.07.31"]
[SourceQuality "1"]
[WhiteTeam "Russia Veterans"]
[BlackTeam "Voronezh Inleksis"]
[WhiteTeamCountry "RUS"]
[BlackTeamCountry "RUS"]

1. e4 e5 2. Nf3 Nc6 3. Bc4 Nf6 4. d3 h6 5. 0-0 d6 6. c3 g5 7. a4 Bg7 8. a5 a6 9. Nbd2 0-0 10. Qb3 Nh5 11. Kh1 Qf6 12. Qd1 Nf4 13. Ng1 Ne7 14. g3 Nfg6 15. Ndf3 c6 16. d4 d5 17. exd5 e4 18. d6 Nf5 19. Ne1 Nxd6 20. Bb3 Be6 21. Ng2 Rae8 22. Be3 Bxb3 23. Qxb3 Qe6 24. Qxe6 Rxe6 25. f4 exf3 26. Rxf3 Rfe8 27. Bf2 Nc4 28. Ra4 g4 29. Rf5 Nxb2 30. Ra2 Nd1 31. Rc2 Rf6 32. Rxf6 Bxf6 33. h3 h5 34. Be1 Bg5 35. hxg4 hxg4 36. Ne2 Ne7 37. Bd2 Nf2+ 38. Kg1 Nh3+ 39. Kf1 Bxd2 40. Rxd2 Nf5 41. d5 Rd8 42. c4 cxd5 43. cxd5 Kf8 44. Rd3 Ke7 45. Ne3 Nxe3+ 46. Rxe3+ Kd6 47. Nc3 f5 48. Ke2 f4 49. gxf4 Nxf4+ 50. Kf2 Nxd5 51. Nxd5 Rf8+ 52. Kg3 Kxd5 53. Kxg4 Kc6 54. Re6+ Kb5 55. Rb6+ Kxa5 56. Rxb7 Ka4 57. Re7 a5 58. Re4+ Kb3 59. Re3+ Kb4 60. Re4+ Kc3 61. Re3+ Kc2 62. Re2+ Kd3 63. Re7 Ra8 64. Rd7+ Ke3 65. Re7+ Kd4 66. Rd7+ Kc3 67. Rc7+ Kd2 68. Rd7+ Ke2 69. Re7+ Kf2 70. Rf7+ Ke3 71. Re7+ Kd4 72. Rd7+ Kc5 73. Rc7+ Kb6 74. Rc1 a4 75. Kf3 a3 76. Ke3 a2 77. Ra1 Kb5 0-1

[Event "RUS-chT2"]
[Site "Sochi"]
[Date "2018.05.10"]
[Round "9.2"]
[White "Aminov, Andrey"]
[Black "Moiseenko, Vadim"]
[Result "0-1"]
[WhiteElo "2296"]
[BlackElo "2522"]
[PlyCount "70"]
[EventDate "2018.05.01"]
[EventType "team-swiss"]
[EventRounds "9"]
[EventCountry "RUS"]
[SourceTitle "CBM 184 Extra"]
[Source "ChessBase"]
[SourceDate "2018.06.28"]
[SourceVersion "1"]
[SourceVersionDate "2018.06.28"]
[SourceQuality "1"]
[WhiteTeam "Voronezh Region"]
[BlackTeam "St Petersburg Law Enforcement"]
[WhiteTeamCountry "RUS"]
[BlackTeamCountry "RUS"]

1. e4 e5 2. Nf3 Nc6 3. Nc3 Nf6 4. d4 exd4 5. Nxd4 Bb4 6. Nxc6 bxc6 7. Bd3 d6 8. Bg5 Qd7 9. h3 Qe6 10. 0-0 0-0 11. a3 Ba5 12. Re1 Nd7 13. b4 Bb6 14. Nd5 Ne5 15. Nxb6 axb6 16. f4 Nxd3 17. cxd3 f6 18. f5 Qe5 19. d4 Qe7 20. Bf4 Bd7 21. a4 Qf7 22. a5 bxa5 23. bxa5 Rfb8 24. Qd2 Kh8 25. e5 Qd5 26. exf6 gxf6 27. Re7 Bxf5 28. Rxc7 Rb3 29. a6 Bxh3 30. Ra5 c5 31. dxc5 Rd3 32. Qb2 Qf5 33. Bh6 Rg8 34. a7 Rd1+ 35. Kh2 Rh1+ 0-1

[Event "RUS-chT2"]
[Site "Sochi"]
[Date "2018.05.02"]
[Round "2.7"]
[White "Kalugin, Sergey V"]
[Black "Aminov, Andrey"]
[Result "1/2-1/2"]
[WhiteElo "2398"]
[BlackElo "2296"]
[PlyCount "81"]
[EventDate "2018.05.01"]
[EventType "team-swiss"]
[EventRounds "9"]
[EventCountry "RUS"]
[SourceTitle "CBM 184 Extra"]
[Source "ChessBase"]
[SourceDate "2018.06.28"]
[SourceVersion "1"]
[SourceVersionDate "2018.06.28"]
[SourceQuality "1"]
[WhiteTeam "Smolensk Region Monastyr"]
[BlackTeam "Voronezh Region"]
[WhiteTeamCountry "RUS"]
[BlackTeamCountry "RUS"]

1. e4 e5 2. Nf3 Nc6 3. Bb5 a6 4. Ba4 Nf6 5. 0-0 Be7 6. Re1 b5 7. Bb3 d6 8. c3 0-0 9. h3 Bb7 10. d4 Nd7 11. Nbd2 exd4 12. cxd4 Bf6 13. Nf1 Na5 14. Bc2 Re8 15. Bf4 Nf8 16. Ng3 Ne6 17. Bc1 c5 18. d5 Nd4 19. Nxd4 Bxd4 20. Nf5 Bf6 21. Rb1 Nc4 22. b3 Ne5 23. Kh1 Bc8 24. Ng3 Ng6 25. Rf1 Be5 26. Ne2 b4 27. f4 Bf6 28. Bd3 Bd7 29. a4 bxa3 30. Bxa3 Bb5 31. Bb2 Bxb2 32. Rxb2 Qf6 33. Ra2 Rab8 34. Ng3 Qc3 35. Bxb5 axb5 36. Rf3 Qf6 37. Ra6 Nxf4 38. Qf1 g5 39. h4 Ra8 40. hxg5 Qe5 41. Qxb5 1/2-1/2

[Event "RUS-chT2"]
[Site "Sochi"]
[Date "2018.05.01"]
[Round "1.9"]
[White "Aminov, Andrey"]
[Black "Tenikashvili, Georgij"]
[Result "0-1"]
[WhiteElo "2296"]
[BlackElo "2294"]
[PlyCount "136"]
[EventDate "2018.05.01"]
[EventType "team-swiss"]
[EventRounds "9"]
[EventCountry "RUS"]
[SourceTitle "CBM 184 Extra"]
[Source "ChessBase"]
[SourceDate "2018.06.28"]
[SourceVersion "1"]
[SourceVersionDate "2018.06.28"]
[SourceQuality "1"]
[WhiteTeam "Voronezh Region"]
[BlackTeam "North Ossetia Alania"]
[WhiteTeamCountry "RUS"]
[BlackTeamCountry "RUS"]

1. e4 c6 2. Nc3 d5 3. Nf3 Bg4 4. h3 Bxf3 5. Qxf3 e6 6. d4 dxe4 7. Qxe4 Nf6 8. Qd3 Na6 9. a3 Qa5 10. Rb1 Nc7 11. Be2 Bd6 12. 0-0 Rd8 13. b4 Qf5 14. Qxf5 exf5 15. b5 Ne6 16. bxc6 bxc6 17. Bd3 g6 18. Re1 0-0 19. Rb7 Rd7 20. Rxd7 Nxd7 21. d5 cxd5 22. Nxd5 Rb8 23. a4 Ndc5 24. Bh6 Nxa4 25. g4 fxg4 26. hxg4 Nac5 27. Bc4 Kh8 28. Kg2 Bf8 29. Be3 a5 30. Ra1 a4 31. Ra2 Bg7 32. f4 f5 33. gxf5 gxf5 34. c3 Rb7 35. Kf3 h6 36. Bd2 Ne4 37. Ne3 Nxd2+ 38. Rxd2 Bxc3 39. Rd3 Nd4+ 40. Kf2 Rb2+ 41. Kf1 Rb1+ 42. Kg2 Rc1 43. Nd1 Ba1 44. Bd5 a3 45. Ne3 Bb2 46. Nd1 Ne2 47. Kf3 Rxd1 48. Kxe2 Rxd3 49. Kxd3 Kg7 50. Kc2 Kf6 51. Bf3 Bd4 52. Kb3 Bc5 53. Ka2 Ke6 54. Kb3 Kf6 55. Ka2 Kg6 56. Kb3 h5 57. Bg2 h4 58. Bh3 Kf6 59. Ka2 Ke6 60. Bg2 Kd6 61. Kb3 Bb4 62. Bh3 Kc5 63. Bxf5 Kd4 64. Be6 Bf8 65. Kc2 Ke3 66. Kd1 h3 67. Kc2 h2 68. Bd5 Kxf4 0-1

[Event "Voronezh op-A 19th"]
[Site "Voronezh"]
[Date "2015.06.20"]
[Round "9"]
[White "Kharitonov, Alexandr"]
[Black "Aminov, Andrey"]
[Result "1-0"]
[WhiteElo "2553"]
[BlackElo "2255"]
[PlyCount "63"]
[EventDate "2015.06.12"]
[EventType "swiss"]
[EventRounds "9"]
[EventCountry "RUS"]
[SourceTitle "CBM 167 Extra"]
[Source "ChessBase"]
[SourceDate "2015.09.14"]
[SourceVersion "1"]
[SourceVersionDate "2015.09.14"]
[SourceQuality "1"]

1. d4 Nf6 2. c4 g6 3. g3 Bg7 4. Bg2 0-0 5. Nc3 d6 6. Nf3 Nbd7 7. 0-0 e5 8. e4 c6 9. h3 Qb6 10. Re1 exd4 11. Nxd4 Re8 12. Nc2 Ne5 13. b3 Nfd7 14. Be3 Qc7 15. Bd4 Qd8 16. Na4 a6 17. Rb1 b5 18. Nb2 bxc4 19. f4 Nd3 20. Nxd3 Bxd4+ 21. Nxd4 cxd3 22. Qxd3 Bb7 23. Kh2 Qf6 24. Rbd1 Rad8 25. Qc4 Rc8 26. Ne2 a5 27. e5 Qe6 28. Qxe6 Rxe6 29. Nd4 Ree8 30. exd6 Nb8 31. Re7 Ba6 32. Nxc6 1-0

[Event "Voronezh Regional-ch"]
[Site "Voronezh"]
[Date "2014.12.09"]
[Round "4"]
[White "Provotorov, Ivan"]
[Black "Aminov, Andrey"]
[Result "1-0"]
[WhiteElo "2360"]
[BlackElo "2221"]
[PlyCount "81"]
[EventDate "2014.12.05"]
[EventType "swiss"]
[EventRounds "9"]
[EventCountry "RUS"]
[SourceTitle "CBM 164 Extra"]
[Source "ChessBase"]
[SourceDate "2015.03.02"]
[SourceVersion "1"]
[SourceVersionDate "2015.03.02"]
[SourceQuality "1"]

1. d4 Nf6 2. c4 g6 3. f3 Bg7 4. e4 d6 5. Nc3 0-0 6. Bg5 c5 7. d5 h6 8. Be3 e6 9. Qd2 exd5 10. cxd5 Re8 11. Nge2 h5 12. Nf4 a6 13. a4 Qa5 14. Be2 b5 15. 0-0 b4 16. Nd1 Nbd7 17. Bf2 Bh6 18. g3 Ne5 19. h4 c4 20. Bd4 Bh3 21. Re1 Nxd5 22. exd5 Qxd5 23. Nxd5 Bxd2 24. Nf6+ Kf8 25. Nxe8 Rxe8 26. Bxe5 Rxe5 27. Kf2 c3 28. bxc3 bxc3 29. Ra2 Be6 30. Rxd2 cxd2 31. Rg1 Ra5 32. Nc3 Bd7 33. Rd1 Bxa4 34. Ra1 Rc5 35. Rxa4 Rxc3 36. Rxa6 Ke7 37. Ra2 Rd3 38. Ra1 Rc3 39. Rd1 Rc2 40. Ke3 Rc3+ 41. Kxd2 1-0

[Event "Voronezh CC-ch"]
[Site "Voronezh"]
[Date "2014.10.25"]
[Round "8"]
[White "Aminov, Andrey"]
[Black "Klimentov, Evgeny"]
[Result "1-0"]
[WhiteElo "2189"]
[BlackElo "2165"]
[PlyCount "67"]
[EventDate "2014.10.17"]
[EventType "swiss"]
[EventRounds "9"]
[EventCountry "RUS"]
[SourceTitle "CBM 163 Extra"]
[Source "ChessBase"]
[SourceDate "2014.12.23"]
[SourceVersion "1"]
[SourceVersionDate "2014.12.23"]
[SourceQuality "1"]

1. e4 c5 2. Nf3 e6 3. Qe2 Nc6 4. g3 d6 5. Bg2 g6 6. 0-0 Bg7 7. c3 Nge7 8. d3 0-0 9. Nbd2 Bd7 10. Nb3 b5 11. d4 cxd4 12. cxd4 Rc8 13. Bf4 e5 14. dxe5 dxe5 15. Be3 Be6 16. Qxb5 Rb8 17. Qa4 Rb4 18. Qa3 Bxb3 19. Bc5 Rxe4 20. axb3 Re8 21. Rfd1 Qb8 22. Rd7 Bf8 23. Ng5 Rg4 24. Ne4 Kg7 25. h3 Rxe4 26. Bxe4 Qb5 27. Bd3 Qb8 28. Rd1 h5 29. Be4 h4 30. g4 Kg8 31. b4 f5 32. Bxc6 Nxc6 33. Qb3+ Kh8 34. Qf7 1-0

[Event "Voronezh CC-ch"]
[Site "Voronezh"]
[Date "2014.10.24"]
[Round "7"]
[White "Aminov, Andrey"]
[Black "Gritsenko, Vladimir"]
[Result "1-0"]
[WhiteElo "2189"]
[BlackElo "2229"]
[PlyCount "131"]
[EventDate "2014.10.17"]
[EventType "swiss"]
[EventRounds "9"]
[EventCountry "RUS"]
[SourceTitle "CBM 163 Extra"]
[Source "ChessBase"]
[SourceDate "2014.12.23"]
[SourceVersion "1"]
[SourceVersionDate "2014.12.23"]
[SourceQuality "1"]

1. e4 c5 2. Nf3 Nf6 3. e5 Nd5 4. Nc3 Nxc3 5. dxc3 e6 6. Bf4 Nc6 7. Qd2 Qc7 8. 0-0-0 h6 9. h4 b6 10. Bg3 Bb7 11. Qf4 Be7 12. Bd3 f5 13. Be2 0-0-0 14. h5 Rhf8 15. Kb1 Rf7 16. Rhe1 Rg8 17. Rh1 a6 18. Rd2 Rff8 19. Rhd1 Rd8 20. Rh1 Rde8 21. Rhd1 Rd8 22. Rh1 Kb8 23. Rdd1 Ka7 24. Rd2 Nb8 25. Bh4 Nc6 26. Bg3 Rdf8 27. Rhd1 Bc8 28. Qa4 Rd8 29. Qf4 g5 30. hxg6 Rxg6 31. Bh4 Bg5 32. Nxg5 hxg5 33. Bxg5 Rdg8 34. Bh4 Kb8 35. Rd6 Rh8 36. g3 Rhg8 37. Bf6 Rf8 38. Bf3 Na5 39. Bh5 Rgxf6 40. exf6 Nb7 41. Rxb6 Qxf4 42. gxf4 Ka7 43. f7 Nd8 44. Rbd6 Kb8 45. R6d3 Nxf7 46. Rg3 Kc7 47. Rg7 Nd6 48. Bf3 Rh8 49. Rh1 Re8 50. b4 Nc4 51. Kc1 Kb6 52. a4 a5 53. Be2 Nd6 54. Rd1 Ne4 55. Bf3 Nxc3 56. Rd6+ Kc7 57. Rc6+ Kd8 58. Rxc5 axb4 59. a5 Ba6 60. Bc6 dxc6 61. Rxc6 Be2 62. a6 Bf3 63. Rb6 Re7 64. Rb8+ Kc7 65. Rb7+ Bxb7 66. Rxe7+ 1-0

[Event "Voronezh CC-ch"]
[Site "Voronezh"]
[Date "2014.10.18"]
[Round "2"]
[White "Aminov, Andrey"]
[Black "Kozlov, Sergej A"]
[Result "1-0"]
[WhiteElo "2189"]
[BlackElo "2034"]
[PlyCount "81"]
[EventDate "2014.10.17"]
[EventType "swiss"]
[EventRounds "9"]
[EventCountry "RUS"]
[SourceTitle "CBM 163 Extra"]
[Source "ChessBase"]
[SourceDate "2014.12.23"]
[SourceVersion "1"]
[SourceVersionDate "2014.12.23"]
[SourceQuality "1"]

1. Nf3 d5 2. c4 e6 3. g3 Nf6 4. Bg2 Bd7 5. b3 c5 6. 0-0 Qc7 7. Bb2 Bc6 8. Ne5 d4 9. Nxc6 Nxc6 10. d3 Be7 11. Na3 a6 12. Nc2 Rd8 13. a3 e5 14. e3 0-0 15. exd4 exd4 16. Re1 Rfe8 17. Rb1 Bf8 18. Rxe8 Rxe8 19. b4 b6 20. Bc1 Nd8 21. Bf4 Bd6 22. bxc5 bxc5 23. Bg5 Ne6 24. Bxf6 gxf6 25. Qg4+ Ng7 26. Rb7 Qa5 27. Bd5 Rf8 28. Qd7 Be5 29. Bxf7+ Kh8 30. Bd5 f5 31. Qe7 Re8 32. Qg5 Qc3 33. Re7 Rxe7 34. Qxe7 h5 35. Qxe5 Qxc2 36. Bf7 Qb1+ 37. Kg2 Qb7+ 38. Bd5 Qc8 39. Qf6 Kh7 40. Bf7 Qb7+ 41. Kh3 1-0

[Event "RUS-chT 21st"]
[Site "Loo"]
[Date "2014.04.13"]
[Round "7.5"]
[White "Aminov, Andrey"]
[Black "Alekseenko, Kirill"]
[Result "1-0"]
[WhiteElo "2176"]
[BlackElo "2462"]
[PlyCount "95"]
[EventDate "2014.04.07"]
[EventType "team-swiss"]
[EventRounds "7"]
[EventCountry "RUS"]
[SourceTitle "CBM 160"]
[Source "ChessBase"]
[SourceDate "2014.05.15"]
[SourceVersion "1"]
[SourceVersionDate "2014.05.15"]
[SourceQuality "1"]
[WhiteTeam "Voronezh Region"]
[BlackTeam "Chigorin CC"]
[WhiteTeamCountry "RUS"]
[BlackTeamCountry "RUS"]

1. e4 c5 2. Nf3 Nc6 3. Bb5 e6 4. Bxc6 bxc6 5. d3 Ne7 6. Qe2 d5 7. 0-0 Ng6 8. e5 Be7 9. c4 0-0 10. b3 f6 11. Bb2 Qc7 12. Re1 a5 13. Nc3 Nf4 14. Qf1 fxe5 15. Na4 e4 16. dxe4 Ng6 17. Qd3 Ba6 18. Ba3 Rad8 19. exd5 cxd5 20. Qe3 Bc8 21. Bxc5 Rxf3 22. gxf3 Bxc5 23. Nxc5 Qf7 24. Rad1 Nh4 25. f4 Qh5 26. Rd3 e5 27. Qxe5 Qg4+ 28. Kf1 Qg2+ 29. Ke2 Bg4+ 30. Ke3 Qf3+ 31. Kd2 Qxf2+ 32. Kc1 Ng6 33. Qe3 Qxa2 34. Rxd5 Qa1+ 35. Kc2 Qa2+ 36. Kc3 Rxd5 37. cxd5 Bf5 38. Qd2 Qa3 39. Qe3 h6 40. Rc1 Qb4+ 41. Kb2 Qb6 42. Qd4 Qd6 43. Rc4 Kh7 44. Ne4 Qd8 45. d6 a4 46. Rc7 Qf8 47. Nf6+ Kh8 48. d7 1-0

[Event "Voronezh Region-ch"]
[Site "Voronezh"]
[Date "2013.12.10"]
[Round "7"]
[White "Aminov, Andrey"]
[Black "Klimentov, Roman"]
[Result "0-1"]
[WhiteElo "2176"]
[BlackElo "2206"]
[PlyCount "128"]
[EventDate "2013.12.03"]
[EventType "swiss"]
[EventRounds "9"]
[EventCountry "RUS"]
[SourceTitle "CBM 158 Extra"]
[Source "ChessBase"]
[SourceDate "2014.02.28"]
[SourceVersion "1"]
[SourceVersionDate "2014.02.28"]
[SourceQuality "1"]

1. e4 c5 2. Nf3 d6 3. Bb5+ Nc6 4. Bxc6+ bxc6 5. 0-0 Bg4 6. h3 Bh5 7. e5 e6 8. exd6 Bxd6 9. d3 Ne7 10. Nbd2 0-0 11. Ne4 Nd5 12. Qe2 Re8 13. c4 Nf4 14. Bxf4 Bxf4 15. Nxc5 Bc7 16. Ne4 e5 17. Ng3 Bg6 18. Rad1 f5 19. Qd2 Rb8 20. b3 c5 21. Qg5 Qxg5 22. Nxg5 e4 23. dxe4 fxe4 24. Rd7 Bxg3 25. fxg3 h6 26. Nf7 e3 27. Nd6 Re5 28. Re1 Rf8 29. Nb5 Rf2 30. Rxe3 Rxg2+ 31. Kxg2 Rxe3 32. Kf2 Re8 33. Nc3 Bf5 34. Rxa7 Bxh3 35. Rc7 Rf8+ 36. Ke3 Bg2 37. Ne2 Rf3+ 38. Kd2 Bf1 39. Rxc5 Bxe2 40. Kxe2 Rxg3 41. Ra5 Kf7 42. c5 Ke6 43. Ra6+ Kd5 44. b4 Rg2+ 45. Kf3 Rb2 46. a3 h5 47. Kf4 h4 48. Kg4 g5 49. Rd6+ Ke5 50. Rd3 Rg2+ 51. Kh5 Rg3 52. Rd1 h3 53. c6 h2 54. Rh1 Kd6 55. b5 Rg2 56. a4 g4 57. Kg5 Kc7 58. a5 g3 59. b6+ Kxc6 60. Rc1+ Kb7 61. Rc7+ Kb8 62. a6 Ra2 63. a7+ Rxa7 64. bxa7+ Ka8 0-1

[Event "Voronezh Region-ch"]
[Site "Voronezh"]
[Date "2013.12.06"]
[Round "4"]
[White "Grishchenko, Vladimir"]
[Black "Aminov, Andrey"]
[Result "0-1"]
[WhiteElo "2015"]
[BlackElo "2176"]
[PlyCount "120"]
[EventDate "2013.12.03"]
[EventType "swiss"]
[EventRounds "9"]
[EventCountry "RUS"]
[SourceTitle "CBM 158 Extra"]
[Source "ChessBase"]
[SourceDate "2014.02.28"]
[SourceVersion "1"]
[SourceVersionDate "2014.02.28"]
[SourceQuality "1"]

1. Nf3 Nf6 2. d3 d6 3. g3 g6 4. Bg2 Bg7 5. 0-0 0-0 6. Nbd2 e5 7. e4 Nc6 8. c3 d5 9. Qc2 h6 10. Re1 Re8 11. a4 dxe4 12. dxe4 Be6 13. a5 Qe7 14. b4 a6 15. Bf1 Rad8 16. Nc4 Bg4 17. Nfd2 Qd7 18. Ne3 Be6 19. Nf3 Qc8 20. b5 axb5 21. Bxb5 Bd7 22. Be2 Nb8 23. Nh4 Be6 24. f3 Nbd7 25. Ba3 Bf8 26. Bxf8 Kxf8 27. a6 b6 28. Nc4 Kg7 29. Reb1 Bxc4 30. Bxc4 c6 31. Qa2 Rf8 32. a7 Qa8 33. Rd1 b5 34. Bb3 Qb7 35. Kh1 Ra8 36. Rdb1 Nc5 37. Bc4 Qe7 38. Bb3 Rfc8 39. Qf2 Rc7 40. Bc2 Rcxa7 41. Rxa7 Rxa7 42. g4 Ra3 43. Rg1 Kh7 44. g5 hxg5 45. Nf5 Qa7 46. Rxg5 Ra1+ 47. Rg1 Rxg1+ 48. Kxg1 gxf5 49. exf5 Qa1+ 50. Kg2 Ncd7 51. Qh4+ Kg7 52. Qg5+ Kf8 53. Be4 Qb2+ 54. Kg1 Qxc3 55. h4 b4 56. h5 b3 57. h6 b2 58. h7 Qc1+ 59. Kh2 Qxg5 60. h8Q+ Ke7 0-1